000 00672nam a22002537a 4500
001 BR4900222
003 BR-BrBNA
005 20230928082934.0
007 ta
008 230509b bl.||||| |||| 00| 0 por d
040 _aBR-BrBNA
_bpor
_cBiblioteca Nacional de Agricultura
041 _a(Por)
072 _aE15
_b/G514
090 _ E15 BR4900222
100 1 _aCosta, J.
245 1 _aGoverno de cooperacao [cooperativa, desenvolvimento economico, Paraiba, Brasil]
260 3 _aJoao Pessoa, PB (Brasil):
_c1949.
300 _a18 p.
650 _aCOOPERATIVA
650 _aHISTORIA
650 _aPARAIBA
909 _a202309
_bLucia
_c55
_dLucia Elande
942 _cBK
999 _c10724
_d10724